| 000 -LEADER |
| fixed length control field |
00785nam a2200229Ia 4500 |
| 001 - CONTROL NUMBER |
| control field |
7438 |
| 003 - CONTROL NUMBER IDENTIFIER |
| control field |
GE_BSU |
| 008 - FIXED-LENGTH DATA ELEMENTS--GENERAL INFORMATION |
| fixed length control field |
181216s||||||||xx |||||||||||||| ||und|| |
| 040 ## - CATALOGING SOURCE |
| Transcribing agency |
GE_BSU |
| 080 ## - UNIVERSAL DECIMAL CLASSIFICATION NUMBER |
| Universal Decimal Classification number |
621.395 |
| 100 ## - MAIN ENTRY--PERSONAL NAME |
| Personal name |
Дубровский,Е.Л. |
| 245 ## - TITLE STATEMENT |
| Title |
Канализационно-кабельные сооружения городских телефонных сетей. |
| 245 ## - TITLE STATEMENT |
| Remainder of title |
Учебн. |
| 245 ## - TITLE STATEMENT |
| Statement of responsibility, etc. |
Ред. М.И.Сорокина. |
| 250 ## - EDITION STATEMENT |
| Edition statement |
Изд 3-ое, перераб.и доп. |
| 260 ## - PUBLICATION, DISTRIBUTION, ETC. |
| Place of publication, distribution, etc. |
М. |
| 260 ## - PUBLICATION, DISTRIBUTION, ETC. |
| Name of publisher, distributor, etc. |
Высш. школа. |
| 260 ## - PUBLICATION, DISTRIBUTION, ETC. |
| Date of publication, distribution, etc. |
1976. |
| 300 ## - PHYSICAL DESCRIPTION |
| Extent |
247стр.с илл.22см. |
| 653 ## - INDEX TERM--UNCONTROLLED |
| Uncontrolled term |
Канализационно-кабельные сооружения городских телефонных сетей. |
| 942 ## - ADDED ENTRY ELEMENTS (KOHA) |
| Koha item type |
წიგნი |